Wszystkie Filmy Nominowane do Oskara w 21 wieku - Statystyki

Ogólne statystyki
  • Ten quiz został rozwiązany 361 razy
    96 od ostatniego zresetowania
  • Średni wynik to 59 z 201
Statystyki odpowiedzi
Rok Produkcji Film % Poprawnych
2009 Avatar
68%
2023 Barbie
68%
2016 La La Land
68%
2019 Parasite
65%
2000 Gladiator
61%
2023 Oppenheimer
61%
2009 Bękarty wojny
58%
2021 Diuna
58%
2010 Incepcja
58%
2019 Pewnego razu w Hollywood
58%
2002 Pianista
58%
2012 Django
55%
2019 Joker
55%
2024 Substancja
55%
2024 Anora
52%
2001 Władca Pierścieni: Drużyna Pierścienia
52%
2002 Władca Pierścieni: Dwie Wieże
52%
2003 Władca Pierśćieni: Powrót Króla
52%
2022 Wszystko wszędzie naraz
52%
2015 Zjawa
52%
2024 Konklawe
48%
2020 Nomadland
48%
2020 Ojciec
48%
2024 Wicked
48%
2025 Frankenstein
45%
2025 Grzesznicy
45%
2025 Hamnet
45%
2025 Jedna bitwa po drugiej
45%
2023 Biedne istoty
42%
2022 Duchy Inisherin
42%
2025 F1
42%
2014 Grand Budapest Hotel
42%
2018 Green Book
42%
2017 Kształt wody
42%
2016 Moonlight
42%
2013 Ona
42%
2001 Piękny umysł
42%
2024 The Brutalist
42%
2025 Wielki Marty
42%
2013 Wilk z Wall Street
42%
2022 Avatar: Istota wody
39%
2021 Belfast
39%
2024 Diuna: Część druga
39%
2022 Elvis
39%
2024 Kompletnie nieznany
39%
2019 Małe kobietki
39%
2022 Na zachodzie bez zmian
39%
2017 Tamte dni, tamte noce
39%
2007 To nie jest kraj dla starych ludzi
39%
2025 Wartość sentymentalna
39%
2019 1917
35%
2007 Aż poleje się krew
35%
2025 Bugonia
35%
2017 Dunkierka
35%
2019 Irlandczyk
35%
2019 Jojo Rabbit
35%
2017 Lady Bird
35%
2023 Przesilenie zimowe
35%
2018 Roma
35%
2005 Tajemnica Brokeback Mountain
35%
2014 Teoria wszystkiego
35%
2018 Czarna Pantera
32%
2010 Czarny łabędź
32%
2023 Czas krwawego księżyca
32%
2021 Drive My Car
32%
2024 Emilia Perez
32%
2022 Fabelmanowie
32%
2019 Historia małżeńska
32%
2016 Manchester by the Sea
32%
2020 Mank
32%
2003 Między słowami
32%
2020 Obiecująca. Młoda. Kobieta.
32%
2020 Proces Siódemki z Chicago
32%
2025 Sny o pociągach
32%
2020 Sound of metal
32%
2023 Strefa interesów
32%
2010 The Social Network
32%
2017 Uciekaj
32%
2021 West Side Story
32%
2011 Artysta
29%
2018 Bohemian Rhapsody
29%
2021 Coda
29%
2018 Faworyta
29%
2020 Judasz i Czarny Mesjasz
29%
2017 Nić widmo
29%
2021 Nie patrz w górę
29%
2009 Odlot
29%
2011 O północy w Paryżu
29%
2007 Pokuta
29%
2012 Poradnik pozytywnego myślenia
29%
2021 Psie pazury
29%
2015 Spotlight
29%
2022 Tar
29%
2022 Top Gun: Maverick
29%
2010 Toy Story 3
29%
2017 Trzy billboardy za Ebbing, Missouri
29%
2010 127 godzin
26%
2013 American Hustle
26%
2004 Aviator
26%
2015 Big Short
26%
2002 Chicago
26%
2008 Ciekawy przypadek Benjamina Buttona
26%
2000 Erin Brockovich
26%
2002 Gangi Nowego Jorku
26%
2002 Godziny
26%
2013 Grawitacja
26%
2006 Infiltracja
26%
2007 Juno
26%
2021 King Richard: Zwycięska rodzina
26%
2021 Licorice Pizza
26%
2012 Lincoln
26%
2012 Miłość
26%
2020 Minari
26%
2001 Moulin Rouge
26%
2012 Operacja Argo
26%
2016 Przełęcz ocalonych
26%
2008 Slumdog
26%
2025 Tajny agent
26%
2014 Whiplash
26%
2004 Za wszelką cenę
26%
2014 Birdman
23%
2018 Czarne bractwo
23%
2017 Czas mroku
23%
2000 Czekolada
23%
2010 Fighter
23%
2014 Gra tajemnic
23%
2011 Hugo i jego wynalazek
23%
2010 Jak zostać królem
23%
2006 Królowa
23%
2019 Le Mans 66
23%
2012 Les Miserables: Nędznicy
23%
2015 Mad Max: Na drodze gniewu
23%
2015 Marsjanin
23%
2005 Miasto Gniewu
23%
2015 Most szpiegów
23%
2008 Obywatel Milk
23%
2023 Poprzednie życie
23%
2003 Rzeka Tajemnic
23%
2011 Służące
23%
2000 Traffic
23%
2013 Zniewolony
23%
2012 Życie Pi
23%
2023 Amerykańska fikcja
19%
2023 Anatomia upadku
19%
2017 Czwarta władza
19%
2008 Frost/Nixon
19%
2024 I'm Still Here
19%
2008 Lektor
19%
2023 Maestro
19%
2006 Mała Miss
19%
2007 Michael Clayton
19%
2005 Monachium
19%
2011 Moneyball
19%
2016 Nowy początek
19%
2003 Pan i władca: Na krańcu świata
19%
2010 Prawdziwe męstwo
19%
2000 Przyczajony tygrys, ukryty smok
19%
2004 Ray
19%
2014 Selma
19%
2009 The Hurt Locker
19%
2018 Vice
19%
2013 Witaj w klubie
19%
2001 Za drzwiami sypialni
19%
2016 Aż do piekła
16%
2015 Brooklyn
16%
2011 Czas wojny
16%
2022 Głosy kobiet
16%
2005 Good Night and Good Luck
16%
2001 Gosford Park
16%
2013 Kapitan Phillips
16%
2006 Listy z Iwo Jimy
16%
2004 Marzyciel
16%
2024 Nickel Boys
16%
2003 Niepokonany Seabiscuit
16%
2016 Płoty
16%
2014 Snajper
16%
2011 Strasznie głośno, niesamowicie blisko
16%
2016 Ukryte działania
16%
2009 W chmurach
16%
2009 Wielki Mike
16%
2004 Bezdroża
13%
2014 Boyhood
13%
2005 Capote
13%
2010 Do szpiku kości
13%
2016 Lion. Droga do domu
13%
2018 Narodziny gwiazdy
13%
2013 Nebraska
13%
2015 Pokój
13%
2009 Poważny człowiek
13%
2013 Tajemnica Filomeny
13%
2010 Wszystko w porządku
13%
2022 W trójkącie
13%
2021 Zaułek koszmarów
13%
2006 Babel
10%
2012 Bestie z południowych krain
10%
2009 Była sobie dziewczyna
10%
2011 Drzewo życia
10%
2009 Dystrykt 9
10%
2011 Spadkobiercy
10%
2012 Wróg numer jeden
10%
2009 Hej, Skarbie
6%
Nie znaleziono quizów pasujących do podanych kryteriów
Rozkład punktacji
Procent ludzi z każdym wynikiem
Percentyl według liczby udzielonych odpowiedzi
Twoja historia wyników
Nie rozwiązałeś tego quizu od ostatniego zresetowania